Neglected crops : 1492 from a different perspective

Αποθηκεύτηκε σε:
Λεπτομέρειες βιβλιογραφικής εγγραφής
Άλλοι συγγραφείς: Hernandez Bermejo, J. Esteban (Επιμελητής έκδοσης), Leon, J. (Επιμελητής έκδοσης)
Μορφή: Βιβλίο
Γλώσσα:English
Δημοσίευση: Rome : Food and Agriculture Organization of the United Nations, c1994
Σειρά:FAO plant production and protection series ; ; 26
Θέματα:
Ετικέτες: Προσθήκη ετικέτας
Δεν υπάρχουν, Καταχωρήστε ετικέτα πρώτοι!

MARC

LEADER 00000nam a2200000 i 4500
001 1/38234
008 030716s1994 eng d
020 |a 92-5-103217-3 
035 |l 10070402 
040 |a GR-MY-UA  |b gre  |e aacr 
041 0 |a eng 
082 0 |a 581.632098  |2 (20) 
245 1 0 |a Neglected crops :  |b 1492 from a different perspective /  |c edited by J. E. Hernandez Bermejo and J. Leon 
260 |a Rome :   |b Food and Agriculture Organization of the United Nations,   |c c1994 
300 |a xxii, 341 σ.;  |b εικ.;  |c 24 εκ. 
490 1 |a FAO plant production and protection series  |v ; 26 
500 |a Published in collaboration with the Botanical Garden of Cordoba (Spain) as part of the Ethnobotanica 92 Programme (Andalusia, 1992) 
504 |a Περιέχει βιβλιογραφία και ευρετήριο 
650 0 0 |a Plants and civilization  |z South America. 
650 0 0 |a Plants and civilization  |z Central America. 
650 0 0 |a Plants and civilization  |z Spain. 
650 0 0 |a Heirloom varieties (Plants)  |z South America. 
650 0 0 |a Heirloom varieties (Plants)  |z Central America. 
650 0 0 |a Heirloom varieties (Plants)  |z Spain. 
650 0 0 |a Indians of South America  |x Ethnobotany. 
650 0 0 |a Indians of Central America  |x Ethnobotany. 
700 1 |a Hernandez Bermejo, J. Esteban.  |4 edt 
700 1 |a Leon, J.  |4 edt 
830 0 |a FAO plant production and protection series ;  |v ; 26 
852 |a INST  |b LESVOS  |e 20030716  |h 581.632098 NEG  |p 005100026924  |q 005100026924  |t BK  |y 4  |x 20200115 
909 |a Λ  |b 105493 
922 |a 1ΕΛΗ  |b 200306  |c ΕΠΕΑΕΚ2/ΤΓ  |d ΠΑΠΑΣΩΤΗΡΙΟΥ & ΕΛΕΥΘΕΡΟΥΔΑΚΗΣ 
950 |a 118-2002-10-05 
970 |a ΚΑΡΑ  |b ΓΙΑΣΕΜΗ  |z 2003/08/20